Library Banner

Understanding the Bible (Record no. 21643)

MARC details
000 -LEADER
fixed length control field 00486nam a2200193Ia 4500
001 - CONTROL NUMBER
control field 21330
008 - FIXED-LENGTH DATA ELEMENTS--GENERAL INFORMATION
fixed length control field 140408s9999 xx 000 0 und d
020 ## - INTERNATIONAL STANDARD BOOK NUMBER
International Standard Book Number 0-7674-0593-5
040 ## - CATALOGING SOURCE
Transcribing agency PK-LaUMT
082 ## - DEWEY DECIMAL CLASSIFICATION NUMBER
Classification number 220
Item number HAR-U
100 ## - MAIN ENTRY--PERSONAL NAME
Personal name Stephen L. Harris
245 ## - TITLE STATEMENT
Title Understanding the Bible
Statement of responsibility, etc Stephen L. Harris
250 ## - EDITION STATEMENT
Edition statement 5th
260 ## - PUBLICATION, DISTRIBUTION, ETC. (IMPRINT)
Place of publication, distribution, etc Mountain View,USA:
Name of publisher, distributor, etc Mayfield Publishing Co.,
Date of publication, distribution, etc 2000
300 ## - PHYSICAL DESCRIPTION
Extent 610 p.
546 ## - LANGUAGE NOTE
Language note EN
650 ## - SUBJECT ADDED ENTRY--TOPICAL TERM
Topical term or geographic name as entry element Bible-Introductions
942 ## - ADDED ENTRY ELEMENTS (KOHA)
Koha item type Books
Holdings
Withdrawn status Lost status Damaged status Not for loan Home library Current library Date acquired Total Checkouts Full call number Barcode Date last seen Price effective from Koha item type
        UMT Main Campus UMT Main Campus 2014-04-08   220 HAR-U 24360 2014-04-23 2014-04-23 Books